000 00459nam a2200169Ia 4500
005 20250508161811.0
008 008 250505s9999 xx 000 0 hin d
037 _aBooks to be hide in OPAC
040 _aFEDL
_beng
_cFEDL
041 _ahin
_2hin
084 _aB, LIN/O
_qFEDL
245 0 _aAbraham Linkan
260 _aBombay, India
_bRajkamal Prakashan Pvt Ltd
_c1954
300 _a24p.
942 _cHB
_hB, LIN/O
999 _c1372277
_d1372277